00626nam a2200133 a 4500008004100000050002200041100001600063245019500079260003900274300003500313650004800348650004100396650005500437220302s2017 ||||||||||||||||| || u aCBU-PG THESIS/PHI aPhiri, Lucy14aThe effectiveness of the integrated Financial Management Information System (IFMIS) on the Financial Management of the Public Sector in Zambia : A case of Ministry of Finance cBy Lucy Phiri aKitwebCopperbelt Universityc2017 axii, 51 pages : illustrations  aPUBLIC SECTOR INFORMATION MANAGEMENT SYSTEM aFINANCIAL MANAGEMENT--PUBLIC--ZAMBIA aINTEGRATED FINANCIAL MANAGEMENT INFORMATION SYSTEM